Estudio de factibilidad del sistema de puesta a tierra unidireccional Mass@tierra en centrales telefónicas

Presenta un estudio de factibilidad de implementación del sistema de puesta a tierra estructurado y unidireccional llamado Mass@tierra. Presenta un estudio documental acerca de los sistemas de puesta a tierra para la protección de sistemas eléctricos, un diseño del sistema de puesta a tierra par...

Full description

Bibliographic Details
Main Authors: Reyes Bellorín, Gening Javier, Gómez Salas, Ronny Fidel
Other Authors: Tutor: Dalla-Torre Parrales, Cedrick Elksnher
Format: Tesis Section = Libro
Language:Undetermined
Spanish
Published: Managua UNI 2010
Subjects:
LEADER 01336nam a2200241Ia 4500
008 240830s9999 xx 000 0 und d
040 |a BIBLIOTECA-RUSB/ T.Mon 621.317 R457 
041 |a spa 
082 |a T.Mon 621.317 R457 
100 1 |a Reyes Bellorín, Gening Javier 
100 1 |b  Gómez Salas, Ronny Fidel 
245 1 0 |a Estudio de factibilidad del sistema de puesta a tierra unidireccional Mass@tierra en centrales telefónicas 
260 |a Managua  |b UNI  |c 2010 
300 |a 45 p. :il. 
502 |a Tesis (Ingeniero Electrónico e Ingeniero Eléctrico) - UNI, 2010. 
520 3 |a Presenta un estudio de factibilidad de implementación del sistema de puesta a tierra estructurado y unidireccional llamado Mass@tierra. Presenta un estudio documental acerca de los sistemas de puesta a tierra para la protección de sistemas eléctricos, un diseño del sistema de puesta a tierra para la protección de sobre voltajes en centrales telefónicas y se determina el costo de la propuesta del sistema de puesta a tierra Mass@tierra mediante un estudio económico 
650 7 |a DISPOSITIVOS DE CONTROL - INSTALACIONES ELÉCTRICAS - MEDIDAS DE SEGURIDAD 
650 7 |b  CONECTORES A TIERRA 
650 7 |c  ELECTRODOS 
700 1 |a Tutor:  |b Dalla-Torre Parrales, Cedrick Elksnher 
942 |c BK  |2 ddc 
991 |a TESIS 
999 |c 21834